LEADER 00922nam0-22003251i-450- 001 990000356770403321 005 20001010 010 $a0-89116-603-3 035 $a000035677 035 $aFED01000035677 035 $a(Aleph)000035677FED01 035 $a000035677 100 $a20001010d--------km-y0itay50------ba 101 0 $aita 105 $ay-------001yy 200 1 $aAtomization and Sprays$fArthur H. Lefebvre 210 $aNew York$cHemisphere Publishing Corporation$dcopyr. 1989 215 $aXI,421 pp. ill. 24 cm 225 1 $aCombustion$ean international series 676 $a660.296 1 700 1$aLefebvre,$bArthur H.$08712 712 1$aCombustion: an international series 801 0$aIT$bUNINA$gRICA$2UNIMARC 901 $aBK 912 $a990000356770403321 952 $a04 000-273$bDIC$fDINCH 959 $aDINCH 996 $aAtomization and sprays$9113212 997 $aUNINA DB $aING01 LEADER 01395nam2-2200421---450- 001 990003618470203316 005 20120201094812.0 010 $a88-14-16045-7 035 $a000361847 035 $aUSA01000361847 035 $a(ALEPH)000361847USA01 035 $a000361847 100 $a20120201d2011----km-y0enga50------ba 101 0 $aita 102 $aIT 105 $ay|||z|||001yy 200 1 $a<> esecuzione mobiliare$eespropriazione presso il debitore (artt. 513-542 cod. proc. civ.), espropriazione presso terzi (artt. 543-554 cod. proc. civ.)$fV. Cacace, S. Grana 205 $a2. ed. agg. alle leggi n. 24 e 183 del 2010 210 $aMilano$cGiuffrè$d2011 215 $aXL, 806 p.$d24 cm 225 2 $aItinerari nel processo civile 410 0$1001000361295$aItinerari nel processo civile 454 1$12001 461 1$1001-------$12001 606 0 $aProcesso di esecuzione$2BNCF 606 0 $aEsecuzione mobiliare$2BNCF 676 $a347.45077 700 1$aCACACE,$bValentina$0424012 701 1$aGRANA,$bSilvia$0578223 801 0$aIT$bsalbc$gISBD 912 $a990003618470203316 951 $aXXVII.1. Coll. 2/ 23$b70904 G.$cXXVII.1. Coll. 2/$d00306030 959 $aBK 969 $aGIU 979 $aFIORELLA$b90$c20120201$lUSA01$h0946 979 $aFIORELLA$b90$c20120201$lUSA01$h0948 996 $aEsecuzione mobiliare$91136689 997 $aUNISA